00756nam a2200253Ia 45000010006000000050017000060070003000230080041000260200007000670400025000740410008000990820019001071000018001262450054001442500014001982600044002123000030002566530017002866530022003036530019003259420012003449520129003569990017004851809820240113235831.0ta060110s1971 a g b000 u 465 u cHB aCotton College,Assam a465 a572.7bG 557 T aGogoi, Lila . 0aThe Tai Khamtis /cLila Gogoi.hTextual Documents a1st ed. / aChowkham :bChowkhamoon Gohain ,c1971. axv,210p. :bill ;c22cm . aAnthropology aTribe-Tai Khamtis aG-Anthropology 2ddccBK 001040708Circulation (G)aSKBLbSKBLd2012-02-01f00000l0o572.7 G 557 Tp70,512r2024-01-13 00:00:00t1w2012-02-01yBK c18080d18080